000
00328nam a2200133Ia 4500
008
210210b xxu||||| |||| 00| 0 eng d
082
_a
14
100
_a
KOTLER (Philip)
245
_a
Principles of Marketing Ed 8
260
_a
_b
Not Mentioned
_c
690
_a
Marketing Management
700
_a
ARMSTRONG (Gary)
906
_a
CD0014
999
_c
117376
_d
117376